LEADER 00996nam0 2200289 450 001 000041927 005 20160114115933.0 010 $a88-452-5751-7 100 $a20160114d2006----km-y0itaa50------ba 101 0 $aita 102 $aIT 200 1 $aCome leggere Nietzsche$fFrancesco Tomatis 210 $aMilano$cTascabili Bompiani$d2006 215 $a199 p.$d20 cm. 225 2 $aTascabili Bompiani$v347 410 0$12001$aTascabili Bompiani$v347 600 1$aNietzsche,$bFriedrich 676 $a193$v(22. ed.)$9Filosofia occidentale moderna. Germania e Austria 700 1$aTomatis,$bFrancesco$0164096 801 0$aIT$bUniversitą della Basilicata - B.I.A.$gREICAT$2unimarc 912 $a000041927 996 $aCome leggere Nietzsche$9992250 997 $aUNIBAS BAS $aLETTERE CAT $aMDL$b30$c20160114$lBAS01$h1159 FMT Z30 -1$lBAS01$LBAS01$mBOOK$1BASA1$APolo Storico-Umanistico$2FCAN$BFondo Cantillo$3FC/114385$6114385$5L114385$820160114$f02$FPrestabile Generale LEADER 01637nam 2200505 450 001 996248054203316 005 20210809165855.0 010 $a0-8229-7216-6 010 $a0-691-07667-7 035 $a(CKB)2670000000416046 035 $a(SSID)ssj0000557097 035 $a(PQKBManifestationID)11955510 035 $a(PQKBTitleCode)TC0000557097 035 $a(PQKBWorkID)10534837 035 $a(PQKB)11710582 035 $a(MiAaPQ)EBC2038871 035 $a(EXLCZ)992670000000416046 100 $a20140709h20002000 uy 0 101 0 $aeng 135 $aurcnu|||||||| 181 $ctxt 182 $cc 183 $acr 200 10$aSlave emancipation in Cuba $ethe transition to free labor, 1860-1899 /$fRebecca J. Scott 210 1$aPittsburgh, Pennsylvania :$cUniversity of Pittsburgh Press,$d2000. 210 4$d©2000 215 $a1 online resource (356 pages) $cillustrations, tables, maps, photographs 300 $aBibliographic Level Mode of Issuance: Monograph 311 $a0-8229-5735-3 320 $aIncludes bibliographical references and index. 606 $aEnslaved persons$xEmancipation$zCuba$2local 606 $aPlantation life$zCuba$xHistory$y19th century 606 $aSugar trade$zCuba$xHistory$y19th century 615 7$aEnslaved persons$xEmancipation 615 0$aPlantation life$xHistory 615 0$aSugar trade$xHistory 676 $a972.9105 700 $aScott$b Rebecca J.$01016136 801 0$bMiAaPQ 801 1$bMiAaPQ 801 2$bMiAaPQ 906 $aBOOK 912 $a996248054203316 996 $aSlave emancipation in Cuba$92376209 997 $aUNISA